<?xml version="1.0" encoding="UTF-8"?>
<record
    xmlns:xsi="http://www.w3.org/2001/XMLSchema-instance"
    xsi:schemaLocation="http://www.loc.gov/MARC21/slim http://www.loc.gov/standards/marcxml/schema/MARC21slim.xsd"
    xmlns="http://www.loc.gov/MARC21/slim">

  <leader>00990nab a2200241uuc4500</leader>
  <controlfield tag="001">1019373</controlfield>
  <controlfield tag="005">20240202081726.0</controlfield>
  <controlfield tag="008">070305e20060901                    spa  </controlfield>
  <datafield tag="035" ind1=" " ind2=" ">
    <subfield code="a">1019373</subfield>
  </datafield>
  <datafield tag="035" ind1=" " ind2=" ">
    <subfield code="a">(OCoLC)820151119</subfield>
  </datafield>
  <datafield tag="040" ind1=" " ind2=" ">
    <subfield code="c">comduadb</subfield>
  </datafield>
  <datafield tag="041" ind1=" " ind2=" ">
    <subfield code="a">spa</subfield>
  </datafield>
  <datafield tag="100" ind1="1" ind2="0">
    <subfield code="a">Jaller, Juan Jose</subfield>
    <subfield code="4">aut</subfield>
    <subfield code="e">aut</subfield>
    <subfield code="9">432952</subfield>
  </datafield>
  <datafield tag="245" ind1="1" ind2="0">
    <subfield code="a">Estudio multicentrico para evaluar la efectividad y seguridad de una presentacion de alendronato de sodio en capsulas de gelatina blanda (Neobon 70) en el tratamiento de osteoporosis posmenopausica</subfield>
  </datafield>
  <datafield tag="650" ind1=" " ind2=" ">
    <subfield code="a">Alendronate</subfield>
    <subfield code="9">69886</subfield>
  </datafield>
  <datafield tag="650" ind1=" " ind2=" ">
    <subfield code="a">Densidad mineral &#xF3;sea</subfield>
    <subfield code="9">153481</subfield>
  </datafield>
  <datafield tag="650" ind1=" " ind2=" ">
    <subfield code="a">Osteoporosis postmenop&#xE1;usica</subfield>
    <subfield code="9">88785</subfield>
  </datafield>
  <datafield tag="650" ind1=" " ind2=" ">
    <subfield code="a">Tratamiento</subfield>
    <subfield code="9">156667</subfield>
  </datafield>
  <datafield tag="700" ind1="1" ind2="0">
    <subfield code="a">Otero Regino, William</subfield>
    <subfield code="4">aut</subfield>
    <subfield code="e">aut</subfield>
    <subfield code="9">319828</subfield>
  </datafield>
  <datafield tag="700" ind1="1" ind2="0">
    <subfield code="a">Molina Restrepo, Jos&#xE9; Fernando</subfield>
    <subfield code="4">aut</subfield>
    <subfield code="e">aut</subfield>
    <subfield code="9">460083</subfield>
  </datafield>
  <datafield tag="773" ind1="0" ind2=" ">
    <subfield code="t">Revista Colombiana de Reumatolog&#xED;a (Bogot&#xE1;)</subfield>
    <subfield code="g">Volumen 13, N&#xFA;mero 03, Septiembre 2006, p. 206-213</subfield>
    <subfield code="w">319250</subfield>
    <subfield code="x">0121-8123</subfield>
    <subfield code="0">102143</subfield>
  </datafield>
  <datafield tag="942" ind1=" " ind2=" ">
    <subfield code="c">ARIMP</subfield>
  </datafield>
  <datafield tag="999" ind1=" " ind2=" ">
    <subfield code="c">414506</subfield>
    <subfield code="d">414506</subfield>
  </datafield>
</record>
